00740nam a22002057a 450000500170000001000150001702000260003203500140005803700090007208200110008124500570009225000060014926000430015527000850019830000200028370000340030394200220033799900190035995201560037820260702110553.0 aENG-148965 c995.00a9788195742844 aEN-132497 bDBAD a95421 aHistory of Indian Cricket/cEdited By Sangeeta Mohan a1 aUttar PradeshbKanhya Publishersc2022 bUttar PradeshaGround Floor 260, Shaktikhand III, Indirapuram, Ghaziabade201010 a304p.c22cm(pb) aSangeeta MohaneEditor989490 2ddccENh954mHIS c216825d216825 001040718NFICaDBADbDBADd2026-07-02eDelivery of Books Act Divisiong995.00l0o954 HISpEN-132497r2026-07-02 11:06:22t1v995.00w2026-07-02yEN